Statistics for Name All the Aircrafts.

Click here to take the quiz!

General Stats

  • This quiz has been taken 78 times
  • The average score is 11 of 16

Answer Stats

Answer% Correct
A380
97%
A320
92%
A330
88%
A350
86%
A319
77%
B747
72%
B777
72%
B737
70%
A321
69%
B757
67%
B767
67%
B787
67%
Cessna 172
50%
A220
48%
A310
44%
Bombardier Dash 8 q100
3%

Score Distribution

Percentile by Number Answered

Percent of People with Each Score

Your Score History

You have not taken this quiz